000 00482nam a2200181Ia 4500
003 OSt
005 20240903161731.0
008 210210b1947 xxu||||| |||| 00| 0 eng d
040 _cAL
041 _akan
082 _a853/267
100 _aBETADURA (K S)
_9161421
_dಬೆಟದೂರ (ಕೆಎಸ್)
245 _aBhu kailasa:
_bಭೂಕೈಲಾಸ
260 _aHubballi
_bCity Book Depot.,
_c1947
690 _aKannada Drama
_9161422
906 _a019541
942 _2ddc
_cBK
999 _c143671
_d143671